Artificial Pokémon - Statistics

General Stats
  • This quiz has been taken 11 times
    10 since last reset
  • The average score is 20 of 59
Answer Stats
Types Answer % Correct
Ghost-Electric Rotom
80%
Psychic Mew Two
70%
Ground-Psychic Baltoy
60%
Ground-Psychic Claydol
60%
Ghost-Fire Litwick
60%
Normal Porygon
60%
Normal Porygon2
60%
Normal Porygon-Z
60%
Water-Ice Arctovish
50%
Electric-Ice Arctozolt
50%
Ghost-Fire Chandelure
50%
Water-Dragon Dracovish
50%
Electric-Dragon Dracozolt
50%
Ghost-Ground Golurk
50%
Fighting-Electric Iron Hands
50%
Dark-Flying Iron Jugulis
50%
Fire-Poison Iron Moth
50%
Rock-Electric Iron Thorns
50%
Fairy-Fighting Iron Valiant
50%
Ghost-Ground Golett
40%
Rock-Psychic Iron Boulder
40%
Ice-Water Iron Bundle
40%
Grass-Psychic Iron Leaves
40%
Steel-Poison Revavroom
40%
Steel-Poison Varoom
40%
Bug-Steel Genesect
30%
Poison Grimer
30%
Poison-Dark Grimer (Alolan)
30%
Steel-Psychic Iron Crown
30%
Steel-Fairy Magearna
30%
Electric-Dragon Miraidon
30%
Poison Muk
30%
Poison-Dark Muk (Alolan)
30%
Normal Silvally
30%
Ghost-Dark Spiritomb
30%
Normal Type: Null
30%
Ice Vanilluxe
30%
Ghost Banette
20%
Normal Castform
20%
Normal Ditto
20%
Dark-Normal Rattata (Alolan)
20%
Electric Electrode
20%
Steel-Ghost Honedge
20%
Ground-Steel Iron Threads
20%
Dark Meowth (Alolan)
20%
Steel Meowth (Galarian)
20%
Dark Persian (Alolan)
20%
Dark-Normal Raticate (Alolan)
20%
Psychic-Flying Sigilyph
20%
Poison Trubbish
20%
Electric Voltorb
20%
Poison-Fairy Weezing (Galarian)
20%
Ghost Yamask
20%
Psychic Deoxys
10%
Poison Garbodor
10%
Ghost-Fire Lanturn
10%
Steel Perrserker
10%
Bug-Steel Wormadam (Trash Cloak)
10%
Bug Burmy (Trash Cloak)
0%
No matching quizzes found
Score Distribution
Percent of People with Each Score
Percentile by Number Answered
Your Score History
You have not taken this quiz since the last reset